Statistics for Capital Cities closer to Montevideo than Brasilia and Santiago

Click here to take the quiz!

General Stats

  • This quiz has been taken 57 times
  • The average score is 3 of 11

Answer Stats

CAPITAL CITY % Correct
Buenos Aires
95%
Asuncion
82%
Port Louis
20%
Maseru
18%
Mbabane
16%
Singapore
16%
Maputo
16%
Jakarta
16%
Kuala Lumpur
15%
Bandar Seri Begawan
15%
Phnom Penh
11%

Score Distribution

Percentile by Number Answered

Percent of People with Each Score

Your Score History

You have not taken this quiz